000 01862cam a22004094i 4500
003 PE-LiUPU
005 20250731175620.0
008 150617s r 000 0 d
035 _a(Sirsi) a17650
040 _aPE-LiUPU
_bspa
_cPE-LiUPU
_erda
049 _aPRUA
082 0 4 _a498.3
_bG79
_221
245 0 0 _aGramática quechua :
_bEnciclopedia de gramática quechua integral /
_ceditado porBraulio Grajeda Challco y Asís orlando Vela Flores.
264 1 _aLima :
_bEdiciones Instituto Superior de Quechua del Perú,
_c1976.
300 _a273 páginas ;
_c21 cm.
336 _atext
_2rdacontent
337 _aunmediated
_2rdamedia
338 _avolume
_2rdacarrier
504 _aIncluye bibliografía.
505 0 _aFonética. -Morfología: El sustantivo. -El adjetivo. -El artículo. -el pronombre. -El verbo. -El adverbio. -Las posposiciones declinativas. -La conjución. -La interjección. -Sintaxis: Sintaxis del sustantivo. -Sintsxis del adjetivo. -Sintaxis del pronombre. -Sintaxis del adverbio. -Sintaxis de las posposiciones declinativas. -Sintaxis de la conjunción. -Sintaxis de la interjección. -La oración compuesta.
526 _aP145
526 _aP127
526 _aP97
526 _aP35
526 _aP14
526 _aP07
650 0 4 _aQuechua
_xGramática.
700 1 _aGrajeda Challco, Braulio,
_eeditor.
700 1 _aVela Flores, Asís Orlando.
910 _ajck
_bjvq
_cjck
_d20150616
942 _2ddc
_cBOOK
949 _a498.3 G79
_wDEWEY
_c1
_i25953
_lCCODEBUL1
_mBUL
_p00.00
_r0
_sY
_tBOOK
_u19860721
_xEDUCACION
_zUNKNOWN
_0COMPRA
_o.STAFF. Colección General
994 _aC0
_bPEPRU
596 _a1
999 _a498.3 G79
_wDEWEY
_c17254
_i25953
_f2021-11-8
_g5
_lCCODEBUL1
_mBUL
_r0
_sN
_tBOOK
_u2015-6-17
_xEDUCACION
_zUNKNOWN
_0COMPRA
_o.STAFF. Colección General
_d17254
980 _81
_gALBERTO SANCHEZ Responsable de Automatización